Rozhodovanie o zabezpečovaní dopravných služieb formou operatívneho lízingu - optimalizačný model
Alternatívy zabezpečovania dopravných služieb v spoločnostiach s rozsiahlym vozovým parkom. Operatívny lízing a jeho výhody. Zvažovanie alternatívy zabezpečovania dopravných služieb. Model výberu optimálnej alternatívy.
Na minha lista:
| Autor principal: | |
|---|---|
| Formato: | Capítulo de Livro |
| Idioma: | eslovaco |
| Assuntos: | |
| Tags: |
Sem tags, seja o primeiro a adicionar uma tag!
|
MARC
| LEADER | 00000nla$a2200000$$$4500 | ||
|---|---|---|---|
| 001 | 0057538 | ||
| 005 | 20240502083140.1 | ||
| 041 | 0 | |a slo | |
| 044 | |a CZ | ||
| 245 | 1 | 0 | |a Rozhodovanie o zabezpečovaní dopravných služieb formou operatívneho lízingu - optimalizačný model |c Veronika Nahácka |
| 520 | |a Alternatívy zabezpečovania dopravných služieb v spoločnostiach s rozsiahlym vozovým parkom. Operatívny lízing a jeho výhody. Zvažovanie alternatívy zabezpečovania dopravných služieb. Model výberu optimálnej alternatívy. | ||
| 610 | 2 | 0 | |a lízing operatívny |
| 610 | 2 | 0 | |a prenájom |
| 610 | 2 | 0 | |a náklady |
| 610 | 2 | 0 | |a park vozový |
| 610 | 2 | 0 | |a prevádzka dopravy |
| 610 | 2 | 0 | |a optimalizácia |
| 610 | 2 | 0 | |a modelovanie |
| 100 | 1 | |a Nahácka, Veronika | |